[Event "HCL-A2649"]
[Site "www.playchess.de"]
[Date "2006.03.26"]
[Round "18"]
[White "hal1958"]
[Black "baggur"]
[WhiteElo "1434"]
[BlackElo "1560"]
[PlyCount "77"]
[Result "1-0"]

1.b4 e5 2.Bb2 Bxb4 3.Bxe5 Nf6 4.e3 O-O 5.c4 d5 
6.Nf3 Nc6 7.Bb2 Be6 8.cxd5 Nxd5 9.Be2 Qe7 10.O-O 
Rad8 11.h3 h6 12.d3 Rfe8 13.Nbd2 Nc3 14.Bxc3 Bxc3 
15.Rc1 Ba5 16.Qc2 Qa3 17.Nb3 Nb4 18.Qb1 Qxa2 
19.Nxa5 Qxa5 20.d4 Bf5 21.Qa1 Qxa1 22.Rcxa1 a6 
23.Rfc1 Nc6 24.Bxa6 Nb4 25.Bxb7 Nc2 26.Ra5 Bh7 
27.Bc6 Re7 28.Ba4 Nb4 29.Ra7 Nd5 30.Bb3 Kf8 
31.Bxd5 Rxd5 32.Raxc7 Re8 33.Ne5 f6 34.Nd7+ Kg8 
35.Nc5 Bf5 36.Ra1 Kh8 37.Raa7 Rg8 38.e4 Bxe4 
39.Nxe4 1-0

[Event "HCL-B3916"]
[Site "www.playchess.de"]
[Date "2006.03.26"]
[Round "6"]
[White "dg"]
[Black "RUDI"]
[WhiteElo "1214"]
[BlackElo "1291"]
[PlyCount "63"]
[Result "1-0"]

1.e4 {hi again}  e5 {hi, here we go again}  2.Nf3 
Nc6 3.Bb5 Bd6 4.Bxc6 dxc6 5.h3 Nf6 6.d3 O-O 7.O-O 
Nd7 8.Nc3 Kh8 9.Be3 Nf6 10.Qd2 Nh5 11.Rad1 Be7 
12.Nxe5 Bd6 13.Nf3 Be7 14.Rfe1 b6 15.a4 Ba6 16.b3 
Qd6 17.e5 Qd7 18.Bd4 c5 19.Be3 Bb7 20.Qe2 g6 21.d4 
cxd4 22.Bxd4 Qe8 23.Nb5 Bd8 24.Qe3 c5 25.Bb2 Kg8 
26.Nd6 Qe7 27.Qh6 Ng7 28.Nxb7 Qxb7 29.Rxd8 Rfxd8 
30.Ng5 Nf5 31.Qxh7+ Kf8 32.e6 1-0

[Event "HCL-A2573"]
[Site "www.playchess.de"]
[Date "2006.03.26"]
[Round "8"]
[White "M45"]
[Black "organic"]
[WhiteElo "1426"]
[BlackElo "1352"]
[PlyCount "49"]
[Result "1-0"]

1.f4 {Hi, have a nice game.}  d5 {The same to you} 
 2.Nf3 Nf6 3.e3 Bg4 4.h3 Bxf3 5.Qxf3 e6 6.g4 Nc6 
7.Bb5 Be7 8.O-O O-O 9.Bxc6 bxc6 10.b3 Ne4 11.d3 
Bf6 12.d4 Bh4 13.Nd2 Ng3 14.Rf2 f5 15.Rg2 Ne4 
16.Nxe4 dxe4 17.Qe2 Kh8 18.g5 h6 19.Qh5 Bxg5 
20.Rxg5 Qf6 21.Ba3 Rf7 22.Rg6 Qd8 23.Rxe6 Kg8 
24.Rg6 Qd5 25.Bc5 1-0

[Event "HCL-B3896"]
[Site "www.playchess.de"]
[Date "2006.03.26"]
[Round "1"]
[White "Sortileges"]
[Black "todwag"]
[WhiteElo "1200"]
[BlackElo "1200"]
[PlyCount "60"]
[Result "0-1"]

1.e4 e6 {Hello, good chess to you.}  2.e5 
{Bonjour.}  Nc6 {Good day.  Are you from France, 
do you speak English?}  3.Nf3 d6 {Parlez-vous 
anglais ?}  4.exd6 cxd6 5.d3 d5 6.d4 Bd6 7.Bg5 
Nge7 8.Nc3 O-O 9.h4 Qb6 10.Na4 Qb4+ 11.Nc3 Qxb2 
12.Bd2 Bb4 13.Na4 Bxd2+ 14.Nxd2 Qxd4 15.Nb2 Qxb2 
16.Bd3 Qe5+ 17.Be2 Nd4 18.Nf3 Nxc2+ 19.Qxc2 Qxa1+ 
20.Bd1 Bd7 21.O-O Rac8 22.Qe2 a6 23.Ne5 Bb5 24.Qg4 
Qxe5 25.h5 h6 26.Bf3 Bxf1 27.Kxf1 Rc1+ 28.Bd1 Rfc8 
29.f3 Rxd1+ 30.Kf2 Rc2+ 0-1

[Event "HCL-B3849"]
[Site "www.playchess.de"]
[Date "2006.03.26"]
[Round "2"]
[White "garden"]
[Black "Varaboca"]
[WhiteElo "1084"]
[BlackElo "1006"]
[PlyCount "167"]
[Result "1/2-1/2"]

1.e4 e5 {Salud and good luck}  2.d3 Bb4+ 3.c3 Be7 
4.Nf3 Nc6 5.d4 d5 6.Nxe5 Nxe5 7.dxe5 dxe4 8.Qxd8+ 
Kxd8 9.Be2 b6 10.O-O Bd7 11.Rd1 Nf6 12.Bg5 h6 
13.Be3 Kc8 14.a4 Kb7 15.f3 Bxa4 16.Rxa4 g5 17.exf6 
Bxf6 18.fxe4 Be5 19.Bd4 f6 20.Bf3 h5 21.Bxe5 fxe5 
22.Rd7 g4 23.Be2 a5 24.Re7 Rae8 25.Rxe5 Rxe5 
26.Nd2 {damn, i missclicked!}  Rd8 {It happen to 
all of us.}  27.Nc4 {Yup}  Re6 28.h3 b5 29.Nxa5+ 
Kb6 30.Ra1 Rd2 31.Bc4 Rxe4 32.Bf7 Re5 33.c4 Rxb2 
34.cxb5 Rbe2 35.Nc4+ Kxb5 36.Nxe5 Rxe5 37.Rb1+ Kc5 
38.Rc1+ Kd6 39.Rf1 Ke7 40.Bc4 Rc5 41.Re1+ Kf6 
42.Bg8 Kg5 43.Kh2 h4 44.Re4 gxh3 45.g4 Rc3 46.Re5+ 
Kf4 47.Rh5 Kxg4 48.Rh8 Re3 49.Bd5 Re2+ 50.Kg1 h2+ 
51.Kf1 Rd2 52.Rg8+ Kh5 53.Bf3+ Kh6 54.Rh8+ Kg5 
55.Bh1 Kg4 56.Rg8+ Kf4 57.Ke1 Rb2 58.Rf8+ Kg3 
59.Rf3+ Kg4 60.Kf1 h3 61.Re3 Rb1+ 62.Re1 Rb3 
63.Re4+ Kg3 64.Re2 c5 65.Bd5 Rc3 66.Be4 Rc1+ 
67.Re1 Rc3 68.Ke2 Rc4 69.Kd3 Kf2 70.Re2+ Kf1 
71.Rxh2 Ra4 72.Rh1+ Kf2 73.Rh2+ Kg3 74.Rc2 c4+ 
75.Kc3 Ra1 76.Kxc4 Ra4+ 77.Kd3 Ra3+ 78.Rc3 Rxc3+ 
79.Kxc3 Kf2 80.Kd3 h2 81.Bd5 Kg1 82.Ke3 h1N 
83.Bxh1 Kxh1 84.Kf2 {(offering draw)} 
 1/2-1/2

[Event "HCL-C4213"]
[Site "www.playchess.de"]
[Date "2006.03.26"]
[Round "5"]
[White "spartan1"]
[Black "nichju"]
[WhiteElo "996"]
[BlackElo "982"]
[PlyCount "92"]
[Result "0-1"]

1.d4 d5 2.Nf3 e6 3.a3 Nc6 4.e3 Nf6 5.Bb5 Bd7 6.O-O 
a6 7.Bxc6 Bxc6 8.h3 Bd6 9.Ne5 Bxe5 10.dxe5 Ne4 
11.b3 O-O 12.c4 dxc4 13.bxc4 Qg5 14.Qg4 Qxe5 
15.Ra2 f5 16.Qe2 g6 17.Bb2 Qd6 18.Nc3 Ng5 19.a4 
Rae8 20.Ba3 Qe5 21.Bxf8 Rxf8 22.Ra3 f4 23.Nd1 f3 
24.Qb2 fxg2 25.Qxe5 Nf3+ 26.Kxg2 {I sure did not 
see that good move coming.}  Nxe5+ {Sometimes (but 
only sometimes) I have an inspiration}  27.Kh2 
{Well, that was a good one.}  Nxc4 28.Ra2 h5 
29.Rg1 Ne5 30.a5 Nf3+ 31.Kg2 {i SURE STEPPED IN TO 
THAT ONE.}  Nxg1+ 32.Kxg1 g5 33.Rd2 g4 34.h4 Rf7 
35.Rd8+ Kg7 36.Kh2 Ba4 37.Nc3 Bc6 38.Kg3 Rf3+ 
39.Kg2 Rf8+ 40.Kg1 {What a great move.}  Rxd8 
{Thanks}  41.Ne2 Rd1+ 42.Kh2 Rd2 43.Ng3 Rxf2+ 
44.Kg1 Rg2+ 45.Kf1 {It just keeps on getting worse 
and worse.}  Rxg3 46.Kf2 Rh3 0-1

[Event "HCL-C4193"]
[Site "www.playchess.de"]
[Date "2006.03.26"]
[Round "19"]
[White "willi_weizenkeim"]
[Black "cbauer"]
[WhiteElo "1034"]
[BlackElo "169"]
[PlyCount "53"]
[Result "1-0"]

1.c4 c5 2.Nc3 b6 3.Nf3 e6 4.e4 {hey, u r up early 
!}  Bb7 {it's about 1am here, I haven't gone to 
sleep yet, but after this move I am, have a great 
day}  5.Be2 {sleep well ! :-)

where do u live in the us ?}  d5 {My home is in 
Minnesota, however, I go to school in Iowa.}  
6.Bd3 {so u have to pas the "border" every day ?}  
d4 {no, actually I don't I'm living here at 
school. but to see my family and friends I have to 
go back across the 'border' I'll be doing that on 
Friday for about a week. that's something I'm 
excited about}  7.Ne2 {how far do u have to travel 
back ?
it sounds like it is a privat college.}  Bc6 {it 
is a private college, I travel about 2.5 hours one 
way}  8.O-O {2.5 is not too much, but is there no 
school closer to u're home ?}  Nd7 9.Bc2 e5 10.d3 
Be7 11.Bd2 Ngf6 12.Bg5 O-O 13.Ba4 Bxa4 14.Qxa4 Nb8 
15.Nxe5 h6 16.Bxf6 Bxf6 17.f4 a6 18.g4 Bxe5 
19.fxe5 Qh4 20.Rf4 Re8 21.Qxe8+ Kh7 22.Qxf7 Nc6 
23.Qb7 Re8 24.Qxc6 g5 25.Rf7+ Kg8 26.Qg6+ {gottcha 
:-)}  Kh8 {you did, but there was a way you could 
have check mated me one move sooner... by taking 
my rook instead of moving your queen to the g file 
:-) good game}  27.Qg7+ {i hope 2 meet u again !} 
 1-0

[Event "HCL-B3907"]
[Site "www.playchess.de"]
[Date "2006.03.26"]
[Round "2"]
[White "garden"]
[Black "Littlearza"]
[WhiteElo "1119"]
[BlackElo "1430"]
[PlyCount "72"]
[Result "0-1"]

1.e4 {ola de sao paulo!boa sorte}  e5 2.Nf3 Nc6 
{Sou de SAO tb boa sorte}  3.Be2 Bc5 4.O-O d6 5.d3 
h6 6.Be3 Nd4 7.c3 Nxe2+ 8.Qxe2 Nf6 9.d4 Bb6 
10.dxe5 Ng4 11.Bxb6 axb6 12.h3 Nxe5 13.Nbd2 O-O 
14.Nxe5 dxe5 15.Rad1 Rxa2 16.Nc4 Qg5 17.Rd5 Bxh3 
18.Qf3 Be6 19.Rxe5 Qd8 20.Rd1 Qh4 21.Qg3 Qxg3 
22.fxg3 Bxc4 23.Rd4 Be6 24.b4 g5 25.Kh2 Kg7 26.c4 
Kf6 27.Rb5 h5 28.Rd3 Bxc4 29.Rf5+ Kg6 30.Rd4 Be6 
31.Re5 h4 32.gxh4 gxh4 33.Rd1 h3 34.Rg1 Rh8 35.Rc1 
hxg2+ 36.Kg1 Rh1+ 0-1

[Event "HCL-B3907"]
[Site "www.playchess.de"]
[Date "2006.03.26"]
[Round "13"]
[White "garden"]
[Black "Absoluter_Beginner"]
[WhiteElo "1119"]
[BlackElo "1721"]
[PlyCount "82"]
[Result "0-1"]

1.e4 e5 2.Nf3 Nc6 3.Nc3 Bb4 4.a3 Ba5 5.b4 Bb6 6.a4 
a6 7.a5 Ba7 8.d3 Nxb4 9.Nxe5 Qf6 10.f4 g5 11.Ng4 
Qc6 12.Bb2 gxf4 13.Ne2 Nxc2+ 14.Kd2 Nxa1 15.Bxh8 
d5 16.Qxa1 Bxg4 17.exd5 Qxd5 18.Qa4+ Bd7 19.Qe4+ 
Qxe4 20.dxe4 Be3+ 21.Kc3 Bc6 22.Kd3 O-O-O+ 23.Bd4 
Bb5+ 24.Kc2 Bxe2 25.Bxe3 fxe3 26.Bxe2 Rd2+ 27.Kc3 
Rxe2 28.Kd3 Rxg2 29.Re1 Nf6 30.Rxe3 Ra2 31.Kd4 
Ra4+ 32.Kd3 Ra3+ 33.Kd4 Rxe3 34.Kxe3 Ng4+ 35.Kf4 
Nxh2 36.Kf5 b5 37.Kf6 b4 38.e5 Ng4+ 39.Kf5 Nxe5 
40.Kxe5 b3 {bye bye}  41.Kf6 {yup!}  
b2 0-1

[Event "HCL-A2617"]
[Site "www.playchess.de"]
[Date "2006.03.26"]
[Round "35"]
[White "carbug"]
[Black "Matu"]
[WhiteElo "1524"]
[BlackElo "1536"]
[PlyCount "45"]
[Result "0-1"]

1.e4 {Good game to you, Matu}  c6 {hello and good 
luck}  2.d4 d5 3.Nc3 dxe4 4.Nxe4 Nf6 5.Nxf6+ exf6 
6.Bc4 Bd6 7.Qe2+ Qe7 8.Qxe7+ Kxe7 9.Ne2 Re8 10.Be3 
Kf8 11.O-O Be6 12.Bd3 Nd7 13.c4 h6 14.c5 Bc7 15.b4 
b5 16.a4 a6 17.Nc3 f5 18.f4 Nf6 19.axb5 axb5 
20.Ra2 Bxa2 21.Bd2 g6 22.Be2 Nd5 
23.Nxd5 0-1

[Event "HCL-A2665"]
[Site "www.playchess.de"]
[Date "2006.03.26"]
[Round "21"]
[White "shadow_cup"]
[Black "Josef"]
[WhiteElo "1523"]
[BlackElo "1606"]
[PlyCount "98"]
[Result "1/2-1/2"]

1.e3 {Hello - have a good game :)}  e5 {hi! good 
luck and have fun}  2.Nf3 {You too!}  Nc6 3.Bb5 d6 
4.d4 exd4 5.Nxd4 Bd7 6.O-O Nf6 7.b3 Be7 8.Bb2 O-O 
9.Bxc6 bxc6 10.Nc3 c5 11.Nde2 Bc6 12.f3 Re8 13.e4 
Nd7 14.Nd5 Bg5 15.c4 Nf6 16.Ndf4 a5 17.Nh3 Bh6 
18.Ng3 g6 19.Nf2 Bg7 20.Qd2 a4 21.Rfe1 axb3 
22.axb3 Qe7 23.Qc3 Nh5 24.e5 Nxg3 25.hxg3 Rxa1 
26.Bxa1 Bxe5 27.Qe3 Qf6 28.Ng4 Bxa1 29.Nxf6+ Bxf6 
30.Qd2 Bd4+ 31.Kh2 Rxe1 32.Qxe1 d5 33.Qe7 dxc4 
34.bxc4 Ba4 35.Qxc7 Kg7 36.Qb7 h5 {(offering 
draw)}  37.Kh3 Bc2 38.g4 hxg4+ 39.Kxg4 Bd3 40.Qd5 
Bf5+ 41.Kf4 Bd3 42.g4 Be2 43.Kg3 Bd1 44.f4 Bc2 
45.f5 gxf5 46.gxf5 Kf6 47.Kf4 Bd3 48.Kg4 Be2+ 
49.Kf4 Bd3 {(offering draw)}  1/2-1/2

[Event "HCL-E1619"]
[Site "www.playchess.de"]
[Date "2006.03.26"]
[Round "6"]
[White "maus"]
[Black "foinaven"]
[WhiteElo "1419"]
[BlackElo "1415"]
[PlyCount "34"]
[Result "0-1"]

1.e4 {hello}  c5 {Hi Maus. good luck.}  2.Nf3 Nc6 
3.Bb5 e6 4.Bxc6 bxc6 5.e5 f6 6.Nc3 d6 7.exf6 Nxf6 
8.d4 d5 9.Bg5 Be7 10.dxc5 Bxc5 11.Ne5 Ba6 12.Qf3 
O-O 13.Qg3 Qb6 14.Be3 Qxb2 15.Kd2 d4 16.Na4 dxe3+ 
17.fxe3 Ne4+ 0-1

[Event "HCL-C4206"]
[Site "www.playchess.de"]
[Date "2006.03.26"]
[Round "1"]
[White "garden"]
[Black "cccmember"]
[WhiteElo "1119"]
[BlackElo "1185"]
[PlyCount "38"]
[Result "1/2-1/2"]

1.e4 {here we meet again, good luck and hello from 
Sao Paulo, Brazil!}  e5 {hi, is Sao Paulo a nice 
place to live?}  2.f3 {if you consider a city with 
almost 20 million people, lots of polution, heavy 
traffic and a crazy night life, yeah it is a nice 
place to live!}  Nf6 {wow, sao paulo must be 
biggest city in whole world!}  3.d3 {The second 
actually, behind Mexico City}  Bc5 4.Ne2 O-O 5.Bg5 
Be7 6.d4 d6 7.dxe5 dxe5 8.Qxd8 Bxd8 9.Nbc3 h6 
10.Bxf6 Bxf6 11.Nd5 Bd8 12.Nec3 c6 13.Ne3 Be6 
14.Bc4 Bxc4 15.Nxc4 Bc7 16.Rd1 Na6 17.Rd7 Rad8 
18.Re7 Rfe8 19.Rxe5 Rxe5 {(offering draw)} 
 1/2-1/2

[Event "HCL-E1533"]
[Site "www.playchess.de"]
[Date "2006.03.26"]
[Round "32"]
[White "Matu"]
[Black "pj287"]
[WhiteElo "1553"]
[BlackElo "1722"]
[PlyCount "87"]
[Result "0-1"]

1.Nf3 Nf6 {Hello again from Port Jervis, NY. Have 
a good game.}  2.b3 {hello from Amberg, germany 
and good luck}  d5 3.Bb2 Bg4 4.h3 Bxf3 5.exf3 e6 
6.d4 Nbd7 7.g3 Be7 8.Bg2 O-O 9.O-O c5 10.dxc5 Bxc5 
11.Nd2 Rc8 12.c4 Be7 13.Rc1 b6 14.cxd5 Rxc1 
15.Qxc1 Nxd5 16.a3 Bf6 17.Bxf6 N7xf6 18.Rd1 Qb8 
19.Ne4 Rc8 20.Nxf6+ Nxf6 21.Qd2 Qc7 22.f4 h6 23.a4 
Qc3 24.Qd3 Qxd3 25.Rxd3 Kf8 26.Kf1 Ke7 27.Ke2 Rc2+ 
28.Ke3 Nd7 29.Be4 Rb2 30.Bf3 Nc5 31.Rc3 Rxb3 
32.Rxb3 Nxb3 33.Bd1 Nc5 34.Kd4 Kd6 35.Bc2 f6 
36.Kc4 a6 37.g4 e5 38.fxe5+ fxe5 39.f3 g5 40.Bd1 
Ne6 41.Be2 Nd4 42.Bd1 b5+ 43.axb5 axb5+ 
44.Kd3 0-1

[Event "HCL-B3950"]
[Site "www.playchess.de"]
[Date "2006.03.26"]
[Round "5"]
[White "Thrustnicely"]
[Black "DominikSpisla"]
[WhiteElo "1073"]
[BlackElo "1900"]
[PlyCount "33"]
[Result "1-0"]

1.e4 c5 {hi a good game}  2.d4 {You Too}  cxd4 
3.Qxd4 Nc6 4.Qc5 e6 5.Qb5 a6 6.Qe2 d6 7.h4 Nf6 
8.f3 d5 9.e5 Nd7 10.f4 Bc5 11.Nf3 Qb6 12.c3 O-O 
13.Ng5 h6 14.Qh5 hxg5 15.hxg5 f6 16.g6 Bf2+ 17.Kd1 
{i think i've been a bit lucky in this one - 
Thanks for the match}  1-0

[Event "HCL-C4199"]
[Site "www.playchess.de"]
[Date "2006.03.26"]
[Round "8"]
[White "Thrustnicely"]
[Black "Mercator"]
[WhiteElo "975"]
[BlackElo "1099"]
[PlyCount "55"]
[Result "1-0"]

1.e4 e5 {Nice game to you}  2.Nc3 {i'm hoping for 
more luck in white  :-)}  Nf6 3.d4 exd4 4.Nb5 c6 
5.Nxd4 Nxe4 6.Qe2 Qe7 7.h4 Nf6 8.Qxe7+ Bxe7 9.Rh3 
d5 10.Re3 c5 11.Nb5 Na6 12.Nd6+ Kd7 13.Nxf7 Ng4 
14.Nxh8 Nxe3 15.Bxe3 Bxh4 16.Bxa6 bxa6 17.Bxc5 Ke6 
18.Nf3 Bf6 19.Nd4+ Bxd4 20.Bxd4 Bb7 21.Bxg7 Re8 
22.O-O-O Kf5 23.Nf7 Kg6 24.Nd6 Re7 25.Bd4 Bc6 
26.Nc8 Re2 27.Bxa7 Rxf2 28.Bxf2 1-0

[Event "HCL-A2641"]
[Site "www.playchess.de"]
[Date "2006.03.26"]
[Round "10"]
[White "IRONMAIDEN"]
[Black "maus"]
[WhiteElo "1243"]
[BlackElo "1413"]
[PlyCount "71"]
[Result "1-0"]

1.c4 {hello and good game!}  e6 {hello again!}  
2.d4 c5 3.e3 Nf6 4.Nc3 cxd4 5.exd4 Bb4 6.Bd2 Nc6 
7.Nf3 d5 8.c5 b6 9.Bb5 Bd7 10.O-O bxc5 11.dxc5 
Bxc5 12.a3 d4 13.Bxc6 Bxc6 14.Na4 Ne4 15.Nxc5 Nxc5 
16.Bb4 Bxf3 17.Qxf3 Rc8 18.Rac1 Na4 19.Qb3 Nb6 
20.a4 Nd5 21.Rc4 Nxb4 22.Qxb4 d3 23.Qb5+ Kf8 
24.Rxc8 Qxc8 25.Qxd3 g6 26.Rd1 Kg7 27.Qd4+ f6 
28.Qd7+ Kh6 29.Qxa7 Rd8 30.Qe3+ g5 31.Rxd8 Qxd8 
32.h4 Qd1+ 33.Kh2 Qg4 34.hxg5+ fxg5 35.Qh3+ {this 
time I`ll get you, I guess}  Qxh3+ 
36.Kxh3 1-0

[Event "HCL-T266"]
[Site "www.playchess.de"]
[Date "2006.03.26"]
[Round "22"]
[White "stevetilbury"]
[Black "wbaldan"]
[WhiteElo "1610"]
[BlackElo "1700"]
[PlyCount "58"]
[Result "0-1"]

1.e4 e6 2.d4 d5 3.Nc3 Bb4 4.e5 c5 5.a3 {Hello 
again}  Bxc3+ 6.bxc3 Qc7 {Hello!}  7.Qg4 Kf8 8.Nf3 
{Moved too quickly, saw your message as I hit 
move. Hello!}  Nc6 9.h4 cxd4 10.cxd4 f5 11.Qg3 Bd7 
12.Bd3 Nge7 13.h5 h6 14.Be3 Kf7 15.Nh4 Rag8 16.Ng6 
Rh7 17.Nxe7 Nxe7 18.O-O Ke8 19.Rfb1 Kd8 20.Rb2 g5 
21.Rab1 b6 22.c4 dxc4 23.Rc1 b5 24.a4 a6 25.axb5 
Bxb5 26.Qf3 Nd5 27.Bxf5 Rf7 28.Bxe6 Rxf3 29.Bxg8 
Rxe3 0-1

[Event "HCL-B3879"]
[Site "www.playchess.de"]
[Date "2006.03.26"]
[Round "6"]
[White "jefersonmello"]
[Black "ulibear"]
[WhiteElo "1179"]
[BlackElo "1232"]
[PlyCount "45"]
[Result "1-0"]

1.e4 {Good game.From Rio de Janeiro}  c6 {thxs and 
same to you ... will Brasil win  easily a record 
5th WChp crown or have problems with the Dutch or 
Italians or Argentines? :-)}  2.Nf3 {Dutch will 
win}  d5 {would be only fair, as they were twice 
the better team and lost ... didn#t have a forward 
like little Muller, haha :-)}  3.exd5 cxd5 4.d4 
Nc6 5.Bb5 a6 6.Ba4 Bd7 7.O-O b5 8.Bb3 e6 9.a3 Be7 
10.Re1 Nf6 11.Nbd2 Na5 12.Ba2 O-O 13.b4 Nc4 14.c3 
Rc8 15.Nxc4 dxc4 16.Qc2 Nd5 17.Bb1 g6 18.Ne5 Bf6 
19.Bd2 Kg7 20.Qc1 g5 21.Nxd7 Qxd7 {clever idea! 
:-)}  22.Bxg5 h6 23.Bxh6+ 1-0

[Event "HCL-B3935"]
[Site "www.playchess.de"]
[Date "2006.03.26"]
[Round "19"]
[White "Littlearza"]
[Black "Azimut"]
[WhiteElo "1488"]
[BlackElo "1417"]
[PlyCount "70"]
[Result "0-1"]

1.e4 d6 {Hello, please to meet you and good luck!} 
 2.d4 e6 3.Bc4 g6 4.Nf3 b6 5.b4 Bb7 6.d5 Bg7 7.c3 
e5 8.O-O Nd7 9.Qa4 a6 10.b5 Nc5 11.bxa6+ Kf8 
12.Qb4 Bxa6 13.Ba3 Bxc4 14.Qxc4 Nf6 15.Nxe5 dxe5 
16.Bxc5+ bxc5 17.Qxc5+ Kg8 18.f3 Bf8 19.Qc6 Nh5 
20.g3 Kg7 21.Nd2 Bd6 22.c4 Qg5 23.Rf2 Nf4 24.Kf1 
Nd3 25.Rg2 Nb4 26.Qd7 Rxa2 27.Rxa2 Nxa2 28.c5 Bxc5 
29.Qxc7 Bb4 30.h4 Qf6 31.Nc4 Qxf3+ 32.Rf2 Qh1+ 
33.Ke2 Qxe4+ 34.Ne3 Nc3+ 35.Kf1 
Qh1+ 0-1

[Event "HCL-M909"]
[Site "www.playchess.de"]
[Date "2006.03.26"]
[Round "15"]
[White "Hamburger"]
[Black "RSoares"]
[WhiteElo "1815"]
[BlackElo "1520"]
[PlyCount "99"]
[Result "1-0"]

1.d4 {Hi. Nice to meet you. Good luck.}  Nf6 
{Hello. Likewise. Have a good game.}  2.c4 g6 
3.Nf3 Bg7 4.Nc3 O-O 5.Bf4 d6 6.e3 c5 7.dxc5 dxc5 
8.Qc2 Bf5 9.e4 Bg4 10.Be2 Nc6 11.Rd1 Qc8 12.O-O 
Rd8 13.h3 Bxf3 14.Bxf3 Nd4 15.Qd3 Nxf3+ 16.Qxf3 b6 
17.e5 Nh5 18.Bh2 Bf8 19.g4 Ng7 20.Nd5 Ne6 21.Qe3 
Qa6 22.Qb3 Nd4 23.Rxd4 cxd4 24.Nc7 Qc8 25.Nxa8 
Qxa8 26.Rd1 Qe4 27.f3 Qe2 28.e6 fxe6 29.Qd3 Qxb2 
30.Bc7 Rd7 31.Qe4 Kf7 32.Qc6 Qe2 33.Rf1 Bh6 34.f4 
Qe3+ 35.Kg2 Rxc7 36.Qxc7 d3 37.Qe5 Qd2+ 38.Rf2 Qc1 
39.Qd4 Qa3 40.f5 Qd6 41.fxg6+ Kxg6 42.Qh8 Bf4 
43.Qg8+ Kh6 44.Qf8+ Kg5 45.Qg7+ Kh4 46.Qxh7+ Kg5 
47.Qg7+ Kh4 48.Rxf4 Qxf4 49.Qxe7+ Qg5 
50.Qh7+ 1-0

[Event "HCL-A2664"]
[Site "www.playchess.de"]
[Date "2006.03.26"]
[Round "7"]
[White "Ulpe"]
[Black "gordi"]
[WhiteElo "1648"]
[BlackElo "1277"]
[PlyCount "45"]
[Result "1-0"]

1.e4 e5 2.Nf3 Nc6 3.Bb5 a6 4.Ba4 b5 5.Bb3 Nf6 
6.O-O Nxe4 7.d4 exd4 8.Re1 d5 9.Nc3 Be6 10.Nxe4 
dxe4 11.Rxe4 Be7 12.Bxe6 fxe6 13.Nxd4 Nxd4 14.Rxd4 
Qc8 15.Bg5 Bxg5 16.Qh5+ g6 17.Qxg5 O-O 18.Rad1 c5 
19.R4d7 Rf7 20.R7d8+ Qxd8 21.Rxd8+ Rxd8 22.Qxd8+ 
Rf8 23.Qd6 1-0

[Event "HCL-C4213"]
[Site "www.playchess.de"]
[Date "2006.03.26"]
[Round "4"]
[White "n4337m"]
[Black "spartan1"]
[WhiteElo "1486"]
[BlackElo "996"]
[PlyCount "51"]
[Result "1-0"]

1.e4 {good luck}  Nf6 {Thank you.  I will need it 
I am sure.}  2.e5 Ne4 3.d4 d5 4.f3 e6 {That was 
certainly a quick giveaway.}  5.fxe4 {I watched a 
Grandmaster hang a knight on the ninth or tenth 
move!}  dxe4 {I need to get around more. LOL}  
6.Ne2 {Or at the very least get some caffine in 
your system...!?}  Nd7 {I am nervous enough 
already.}  7.Nd2 {I think that emotional stability 
is as important as nearly anything 
else.....especially in live face to face 
matches........right?}  c5 {I have never been in a 
live match. That is one reason I am enjoying this 
format so much.  I lose more thab I win, but it is 
still enjoyable.}  8.Nxe4 {Makes sense...}  b6 
9.Bg5 f6 10.Bh4 Bb7 11.exf6 gxf6 12.N2g3 Qc7 
13.Bxf6 Rg8 14.Be2 Bg7 15.Bh5+ Kf8 16.O-O Ba6 
17.Be5+ Ke7 {It just goes from bad to worse.}  
18.Rf7+ {On the bright side...you learn much more 
from your loses than from wins!}  Kd8 {Very true, 
but that fact doesn't make it any easier to take. 
LOL}  19.Bxc7+ Kxc7 20.Rxd7+ Kxd7 21.dxc5+ Kc7 
22.Qd6+ Kc8 23.Qxe6+ Kc7 24.Qd6+ Kb7 25.c6+ Kc8 
26.Bg4+ 1-0

[Event "HCL-T268"]
[Site "www.playchess.de"]
[Date "2006.03.26"]
[Round "1"]
[White "stevetilbury"]
[Black "Maahinen"]
[WhiteElo "1585"]
[BlackElo "1744"]
[PlyCount "30"]
[Result "0-1"]

1.d4 d5 2.c4 Nc6 3.Nc3 {Hello from London}  dxc4 
{hi from Otttawa}  4.e3 Nf6 5.Bxc4 e6 6.Nf3 Bb4 
7.O-O O-O 8.Qc2 Re8 9.Rd1 Qe7 10.a3 Bxc3 11.bxc3 
Na5 12.Bd3 c5 13.a4 c4 14.Ba3 cxd3 15.Qxd3 
Qc7 0-1

[Event "HCL-T263"]
[Site "www.playchess.de"]
[Date "2006.03.26"]
[Round "5"]
[White "victorabiodun03"]
[Black "stevetilbury"]
[WhiteElo "1476"]
[BlackElo "1630"]
[PlyCount "73"]
[Result "1-0"]

1.d4 f5 2.c4 Nf6 3.Bg5 Ne4 4.Bf4 d6 5.Nc3 Nxc3 
6.bxc3 g6 7.Nf3 Bg7 8.Qc2 O-O 9.e4 fxe4 10.Qxe4 c6 
11.Bg5 Bf6 12.Bh6 Bg7 13.Bxg7 Kxg7 14.Be2 Bf5 
15.Qe3 Nd7 16.O-O e6 17.h3 a6 18.g4 Bc2 19.Rac1 
Ba4 20.Rfe1 Qf6 21.Nd2 e5 22.Ne4 exd4 23.cxd4 Qe7 
24.Bd3 d5 25.cxd5 cxd5 26.Ng5 Qxe3 27.Rxe3 Rf6 
28.Re7+ Kg8 29.Nxh7 Rd6 30.Rc7 Bc6 31.g5 b5 
32.Rcxd7 Bxd7 33.Rxd7 Rxd7 34.Nf6+ Kg7 35.Nxd7 Rc8 
36.Nc5 Rc6 37.f4 1-0

[Event "HCL-E1619"]
[Site "www.playchess.de"]
[Date "2006.03.26"]
[Round "5"]
[White "foinaven"]
[Black "PhilipKaveny"]
[WhiteElo "1415"]
[BlackElo "1422"]
[PlyCount "45"]
[Result "1-0"]

1.d4 {Welcome in E class!}  g6 {Yes  You are a 
tough opponent}  2.e4 d6 3.Nc3 Bg7 4.Be3 Nf6 5.Qd2 
Ng4 {Win or lose I must make this move}  6.Bg5 h6 
7.Bh4 c6 8.Nf3 b5 9.Bd3 a5 10.O-O h5 11.h3 Nh6 
12.d5 b4 13.Na4 c5 14.c3 Bd7 15.Bc2 Na6 16.c4 Qc7 
17.Rfe1 Bxa4 18.Bxa4+ Kf8 19.Re2 f6 {I believe 
that human chess league means just  what it says 
It does not mean you  get to use a program  to 
augument your game by being more "Efficent"  Mean 
while I will do my best to break this deadly 
boredom}  20.Rae1 {My last move was not the best - 
Ng5 was better . I have sent another email.}  g5 
21.Bc6 {Tantrum over?}  Rd8 {The Big thing is I 
know   
what you are doing now and how you view   the 
game. I will bear that in mind when we next play}  
22.Bxg5 fxg5 23.Nxg5 1-0

[Event "HCL-A2672"]
[Site "www.playchess.de"]
[Date "2006.03.26"]
[Round "2"]
[White "GCP"]
[Black "pawnstorm"]
[WhiteElo "1392"]
[BlackElo "1525"]
[PlyCount "31"]
[Result "1-0"]

1.e4 {hello from Rome, have a good game}  c5 
{Buona partita anche a te}  2.c3 {vivi nel cantone 
italiano ?}  e5 {Si, vivo in Ticino vicino a 
Lugano}  3.d4 {ci sono ancora italiani che vengono 
a fare benzina oltreconfine ?}  cxd4 {Si, 
certamente meno di qualche anno fa ma penso che i 
benzinai non si possono lamentare}  4.cxd4 {quale 
è il prezzo ora ?}  d6 5.dxe5 dxe5 6.Qxd8+ Kxd8 
7.Bc4 f6 8.Ne2 Nc6 9.O-O Bb4 10.a3 Bc5 11.b4 Bb6 
12.Nbc3 Nge7 13.Ng3 Kc7 14.Kh1 a6 15.f4 Ng6 
16.Nd5+ 1-0